The hundred dresses / (Record no. 1326)

MARC details
000 -LEADER
fixed length control field 00982cam a2200277 a 4500
005 - DATE AND TIME OF LATEST TRANSACTION
control field 20250307133004.0
020 ## - INTERNATIONAL STANDARD BOOK NUMBER
International Standard Book Number 0152051708
040 ## - CATALOGING SOURCE
Original cataloging agency DLC
Transcribing agency DLC
Modifying agency DLC
Language of cataloging eng
050 00 - LIBRARY OF CONGRESS CALL NUMBER
Classification number PZ7.E749
Item number Hu 2004
082 00 - DEWEY DECIMAL CLASSIFICATION NUMBER
Classification number [Fic]
Edition number 22
100 1# - MAIN ENTRY--PERSONAL NAME
Personal name Estes, Eleanor,
Dates associated with a name 1906-1988.
245 14 - TITLE STATEMENT
Title The hundred dresses /
Statement of responsibility, etc. Eleanor Estes ; illustrated by Louis Slobodkin.
246 3# - VARYING FORM OF TITLE
Title proper/short title 100 dresses
260 ## - PUBLICATION, DISTRIBUTION, ETC.
Place of publication, distribution, etc. New York :
Name of publisher, distributor, etc. Scholastic,
Date of publication, distribution, etc. 2004.
300 ## - PHYSICAL DESCRIPTION
Extent 79 pages :
Other physical details color illustrations ;
Dimensions 21 cm
505 ## - FORMATTED CONTENTS NOTE
Formatted contents note Q
520 ## - SUMMARY, ETC.
Summary, etc. In winning a medal she is no longer there to receive, a tight-lipped little Polish girl teaches her classmates a lesson. Includes a note from the author's daughter, Helena Estes.
521 1# - TARGET AUDIENCE NOTE
Target audience note 870 <br/>
Source Lexile
521 1# - TARGET AUDIENCE NOTE
Target audience note Q <br/>
Source Raz-Plus
650 #1 - SUBJECT ADDED ENTRY--TOPICAL TERM
Topical term or geographic name entry element Polish Americans
Form subdivision Fiction.
650 #1 - SUBJECT ADDED ENTRY--TOPICAL TERM
Topical term or geographic name entry element Friendship
Form subdivision Fiction.
700 1# - ADDED ENTRY--PERSONAL NAME
Personal name Slobodkin, Louis,
Dates associated with a name 1903-1975,
Relator term illustrator
906 ## - LOCAL DATA ELEMENT F, LDF (RLIN)
a 7
b cbc
c orignew
d 1
e ocip
f 20
g y-gencatlg
942 ## - ADDED ENTRY ELEMENTS (KOHA)
Source of classification or shelving scheme Dewey Decimal Classification
Koha item type Books
Suppress in OPAC No
999 ## -
-- 1326
-- 1326
Holdings
Withdrawn status Lost status Source of classification or shelving scheme Damaged status Not for loan Collection Home library Current library Shelving location Date acquired Total Checkouts Full call number Barcode Date last seen Price effective from Koha item type Copy number
    Dewey Decimal Classification     Juvenile Fiction Footprints International School Library Network Toul Kork Campus Footprints International School Library Network Toul Kork Campus A TK Campus, 4th Floor, Room B401, Fiction Bookcases (1-6) 08/16/2023   EST Fic PZ7.E749 FISTK00645 08/16/2023 08/16/2023 Books  
    Dewey Decimal Classification     Juvenile Fiction Footprints International School Library Network Toul Tom Poung Campus Footprints International School Library Network Toul Tom Poung Campus TTP Secondary Fiction Bookshelves 03/06/2025   EST Fic PZ7.E749 2025-0740 03/06/2025 03/06/2025 Books 2